|
|
|
|
| LEADER |
01731nem a22003972a 4500 |
| 001 |
mzk03001086049 |
| 003 |
CZ BrMZK |
| 005 |
20160519103318.0 |
| 007 |
aj|ca||| |
| 008 |
110204q18451863au |||||||a|||r|0|||gerod |
| 034 |
1 |
|
|a a
|d E0193851
|e E0265350
|f N0505714
|g N0470556
|
| 040 |
|
|
|a BOA001
|b cze
|
| 043 |
|
|
|a e-pl---
|a e-rm---
|a e-un---
|
| 072 |
|
7 |
|a 912:904
|x Staré mapy
|2 Konspekt
|9 7
|
| 080 |
|
|
|a (498+477)
|2 MRF
|
| 080 |
|
|
|a (438+477)
|2 MRF
|
| 080 |
|
|
|a (084.3)
|2 MRF
|
| 245 |
0 |
0 |
|a Königreich Galizien und Lodomerien mit dem Herzogthum Bukowina.
|n 17
|h [kartografický dokument]
|
| 255 |
|
|
|a Měřítko neuvedeno
|c (019°38´51" v.d.--026°53´50" v.d./050°57´14" s.š.--047°05´56" s.š.)
|
| 260 |
|
|
|a [Wien] :
|b K.K. Schulb: Verlag,
|c [mezi 1845 a 1863]
|
| 300 |
|
|
|a 1 mapa :
|b litografie, barev. ;
|c 28 x 37,5 cm na listu 41,5 x 56 cm
|
| 500 |
|
|
|a Na zadní straně rukopisná poznámka: Galizien
|
| 500 |
|
|
|a Preis 10. Kr. öster. Währ.
|
| 500 |
|
|
|a Výzdoba: V levém horním rohu název, v levém dolním rohu legenda, v mapovém rámci geografické souřadnice, souřadnicová síť
|
| 651 |
|
7 |
|a Bukovina (Rumunsko a Ukrajina)
|7 ge134091
|2 czenas
|
| 651 |
|
7 |
|a Halič (Polsko a Ukrajina)
|7 ge129223
|2 czenas
|
| 655 |
|
7 |
|a historické mapy
|7 fd186723
|2 czenas
|
| 856 |
4 |
1 |
|u http://www.digitalniknihovna.cz/mzk/uuid/uuid:c93ac1e8-044a-4443-8c33-aaf578575c97
|y Digitalizovaný dokument
|
| 910 |
|
|
|a BOA001
|b STMpa-1257.754
|
| 978 |
|
|
|b Schulbücher-Verlag
|a Wien
|c 1845-1863
|
| 984 |
|
|
|a Vídeň
|b Rakousko
|
| 985 |
|
|
|a 1801-1850
|
| 985 |
|
|
|a 1851-1900
|
| 990 |
|
|
|a MP
|
| 991 |
|
|
|k mzk
|
| 996 |
6 |
|
|b 2610465174
|c STMpa-1257.754
|l stud. ST
|r Sklad / do násl. otevíracího dne
|n 0
|w 001168480
|u 000010
|a 1
|e BOA001
|s P
|